Compuertas lógicas ópticas
Enregistré dans:
| Auteur principal: | |
|---|---|
| Format: | Livre |
| Publié: |
[San José, Costa Rica]
2007
|
| Sujets: | |
| Tags: |
Ajouter un tag
Pas de tags, Soyez le premier à ajouter un tag!
|
MARC
| LEADER | 00000nam a2200000Ia 4500 | ||
|---|---|---|---|
| 003 | 001237 | ||
| 005 | 20221231144055.0 | ||
| 008 | 140114s2007 c a 000 ||s d | ||
| 040 | |c cru CEDI | ||
| 090 | |a TFG 5759 | ||
| 100 | |a Laat Ulate, Pierre van der |9 4137 | ||
| 245 | |a Compuertas lógicas ópticas | ||
| 260 | |c 2007 |b [San José, Costa Rica] | ||
| 300 | |a x, 86 hojas; ilustraciones a color | ||
| 500 | |a Proyecto de graduación (bachillerato en ingeniería eléctrica)--Universidad de Costa Rica. Facultad de Ingeniería. Escuela de Ingeniería Eléctrica | ||
| 650 | |x TRANSISTORES |x CIRCUITOS INTEGRADOS |x ELECTRONICA DIGITAL |x MICROPROCESADORES |x DISPOSITIVOS ELECTROOPTICOS |9 4138 | ||
| 942 | |c TFG | ||
| 999 | |c 16500 |d 16500 | ||
